<?xml version="1.0" encoding="UTF-8"?>
<collection xmlns="http://www.loc.gov/MARC21/slim">
<record>
  <controlfield tag="001">113758</controlfield>
  <controlfield tag="005">20220606143041.0</controlfield>
  <datafield tag="037" ind1=" " ind2=" ">
    <subfield code="a">GDOC-2021-26717</subfield>
  </datafield>
  <datafield tag="970" ind1=" " ind2=" ">
    <subfield code="a">GDOC-2021-26717</subfield>
  </datafield>
  <datafield tag="041" ind1=" " ind2=" ">
    <subfield code="a">spa</subfield>
  </datafield>
  <datafield tag="041" ind1=" " ind2=" ">
    <subfield code="a">eng</subfield>
  </datafield>
  <datafield tag="540" ind1=" " ind2=" ">
    <subfield code="a">by-nc-sa</subfield>
    <subfield code="b">Creative Commons</subfield>
    <subfield code="c">3.0</subfield>
    <subfield code="u">http://creativecommons.org/licenses/by-nc-sa/3.0/</subfield>
  </datafield>
  <datafield tag="260" ind1=" " ind2=" ">
    <subfield code="a">Zaragoza</subfield>
    <subfield code="b">Universidad de Zaragoza</subfield>
    <subfield code="c">2021-2022</subfield>
  </datafield>
  <datafield tag="245" ind1="0" ind2="0">
    <subfield code="9">26717</subfield>
    <subfield code="a">Procedimientos diagnósticos y terapéuticos anatomo-patológicos</subfield>
  </datafield>
  <datafield tag="242" ind1="0" ind2="0">
    <subfield code="9">26717</subfield>
    <subfield code="a">Diagnostic and Therapeutic Procedures: Anatomical-Pathological</subfield>
  </datafield>
  <datafield tag="100" ind1=" " ind2=" ">
    <subfield code="0">(orcid)0000-0002-4575-9067</subfield>
    <subfield code="a">María Lourdes Bengochea, Martínez</subfield>
    <subfield code="1">364676</subfield>
  </datafield>
  <datafield tag="700" ind1=" " ind2=" ">
    <subfield code="0">(orcid)0000-0002-7914-4685</subfield>
    <subfield code="a">María Josefa Cardiel, García</subfield>
    <subfield code="1">144980</subfield>
  </datafield>
  <datafield tag="700" ind1=" " ind2=" ">
    <subfield code="a">Celia María del Agua, Arias-Camisón</subfield>
    <subfield code="1">384275</subfield>
  </datafield>
  <datafield tag="700" ind1=" " ind2=" ">
    <subfield code="a">Francisco José Felipo, Berlanga</subfield>
    <subfield code="1">643074</subfield>
  </datafield>
  <datafield tag="700" ind1=" " ind2=" ">
    <subfield code="a">José Ignacio Franco, Rubio</subfield>
    <subfield code="1">546508</subfield>
  </datafield>
  <datafield tag="700" ind1=" " ind2=" ">
    <subfield code="0">(orcid)0000-0003-2078-8205</subfield>
    <subfield code="a">Mar García, García</subfield>
    <subfield code="1">794413</subfield>
  </datafield>
  <datafield tag="700" ind1=" " ind2=" ">
    <subfield code="a">Ariel Gonzalo Gonzales, Sejas</subfield>
    <subfield code="1">391272</subfield>
  </datafield>
  <datafield tag="700" ind1=" " ind2=" ">
    <subfield code="a">Carlo Bruno Marta,  </subfield>
    <subfield code="1">391378</subfield>
  </datafield>
  <datafield tag="700" ind1=" " ind2=" ">
    <subfield code="0">(orcid)0000-0001-7264-6095</subfield>
    <subfield code="a">Elaine Mejía, Urbáez</subfield>
    <subfield code="1">731492</subfield>
  </datafield>
  <datafield tag="700" ind1=" " ind2=" ">
    <subfield code="0">(orcid)0000-0001-8567-4327</subfield>
    <subfield code="a">Guillermo Muñoz, González</subfield>
    <subfield code="1">478109</subfield>
  </datafield>
  <datafield tag="700" ind1=" " ind2=" ">
    <subfield code="0">(orcid)0000-0002-7744-0552</subfield>
    <subfield code="a">María Teresa Ramírez, Gasca</subfield>
    <subfield code="1">118549</subfield>
  </datafield>
  <datafield tag="700" ind1=" " ind2=" ">
    <subfield code="0">(orcid)0000-0001-9827-1033</subfield>
    <subfield code="a">Joaquín Soria, Navarro</subfield>
    <subfield code="1">387196</subfield>
  </datafield>
  <datafield tag="700" ind1=" " ind2=" ">
    <subfield code="a">Nerea Torrecilla, Idoipe</subfield>
    <subfield code="1">548780</subfield>
  </datafield>
  <datafield tag="830" ind1=" " ind2=" ">
    <subfield code="9">304</subfield>
  </datafield>
  <datafield tag="856" ind1="4" ind2=" ">
    <subfield code="s">13663</subfield>
    <subfield code="u">http://zaguan.unizar.es/record/113758/files/guia-26717-en.pdf</subfield>
    <subfield code="y">Guide (english)</subfield>
  </datafield>
  <datafield tag="856" ind1="4" ind2=" ">
    <subfield code="s">35072</subfield>
    <subfield code="u">http://zaguan.unizar.es/record/113758/files/guia-26717-es.pdf</subfield>
    <subfield code="y">Guía (idioma español)</subfield>
  </datafield>
  <datafield tag="521" ind1=" " ind2=" ">
    <subfield code="9">118</subfield>
    <subfield code="a">Graduado en Medicina</subfield>
    <subfield code="b">Degree in Medicine</subfield>
  </datafield>
  <datafield tag="980" ind1=" " ind2=" ">
    <subfield code="a">GDOC</subfield>
    <subfield code="b">Health Sciences</subfield>
    <subfield code="b">Ciencias de la Salud</subfield>
    <subfield code="c">104</subfield>
  </datafield>
</record>
</collection>